|
|
|
|
| LEADER |
01236nam a22003137a 4500 |
| 001 |
41774 |
| 003 |
BD-DhAAL |
| 005 |
20230925121511.0 |
| 008 |
230925t20031999nyua|||| b||| 001 0 eng d |
| 020 |
|
|
|a 9781403911353
|
| 020 |
|
|
|a 1403911355
|
| 040 |
|
|
|a BD-DhAAL
|d BD-DhAAL
|
| 082 |
|
|
|a 371.26
|2 22
|
| 100 |
|
|
|a Cottrell, Stella.
|9 55571
|
| 245 |
|
|
|a The exam skills handbook :
|b achieving peak performance /
|c Stella Cottrell.
|
| 250 |
|
|
|a Second edition.
|
| 260 |
|
|
|a Basingstoke, Hampshire :
|b Palgrave Macmillan,
|c 2003.
|
| 300 |
|
|
|a vi, 295 pages :
|b illusrtrations ;
|c 25 cm.
|
| 490 |
|
|
|a Palgrave study guides
|
| 504 |
|
|
|a Includes bibliographical references and index.
|
| 526 |
|
|
|a BIED
|
| 541 |
|
|
|a Complimentary copy from BIED
|e 41774
|
| 650 |
|
|
|a Examinations
|v Study guides.
|
| 650 |
|
|
|a Test-taking skills
|v Handbooks, manuals, etc.
|9 55572
|
| 830 |
|
|
|a Palgrave study guides
|9 55573
|
| 852 |
|
|
|a Ayesha Abed Library
|c BIED Collection
|
| 942 |
|
|
|2 ddc
|c BK
|
| 999 |
|
|
|c 46166
|d 46166
|
| 952 |
|
|
|0 0
|1 0
|2 ddc
|4 0
|6 371_260000000000000_COT
|7 0
|9 74439
|a BRACUL
|b BRACUL
|c GEN
|d 2023-09-25
|e Complimentary copy from BIED
|l 2
|m 8
|o 371.26 COT
|p 3010041774
|r 2025-12-23
|s 2025-12-12
|t 1
|w 2023-09-25
|y BK
|x Transferred from BIED to General Stacks
|